|
|
|
|
| LEADER |
00000nam0a2200000 4500 |
| 001 |
374469 |
| 005 |
20231102012644.0 |
| 035 |
|
|
|a (RuTPU)RU\TPU\retro\31903
|
| 035 |
|
|
|a RU\TPU\book\271352
|
| 090 |
|
|
|a 374469
|
| 100 |
|
|
|a 20221219d1971 k y0rusy50 ca
|
| 101 |
1 |
|
|a rus
|c eng
|
| 102 |
|
|
|a RU
|
| 105 |
|
|
|a y z 000zy
|
| 200 |
1 |
|
|a Лекции по квантовой теории поля
|e пер. с англ.
|f П. А. М. Дирак
|
| 210 |
|
|
|a Москва
|c Мир
|d 1971
|
| 215 |
|
|
|a 244 с.
|
| 606 |
1 |
|
|a Квантовая теория
|2 stltpush
|3 (RuTPU)RU\TPU\subj\14220
|9 40676
|
| 610 |
1 |
|
|a понятия
|
| 610 |
1 |
|
|a гильбертово пространство
|
| 610 |
1 |
|
|a общий случай
|
| 610 |
1 |
|
|a представление Фока
|
| 610 |
1 |
|
|a бозоны
|
| 610 |
1 |
|
|a фермионы
|
| 610 |
1 |
|
|a вторичное квантование
|
| 610 |
1 |
|
|a скалярное поле
|
| 610 |
1 |
|
|a электронное поле
|
| 610 |
1 |
|
|a инвариантность
|
| 610 |
1 |
|
|a связи
|
| 610 |
1 |
|
|a квантовая электродинамика
|
| 610 |
1 |
|
|a гейзенберговские уравнения движения
|
| 610 |
1 |
|
|a регуляризация
|
| 610 |
1 |
|
|a магнитный момент
|
| 610 |
1 |
|
|a лэмбовский сдвиг
|
| 610 |
1 |
|
|a кулоновские силы
|
| 675 |
|
|
|a 530.145
|v 3
|
| 700 |
|
1 |
|a Дирак
|b П. А. М.
|g Поль Андриан Морис
|
| 801 |
|
1 |
|a RU
|b 63413507
|c 20140203
|
| 801 |
|
2 |
|a RU
|b 63413507
|c 20221219
|g RCR
|
| 942 |
|
|
|c BK
|